ბათუმის შოთა რუსთაველის სახელმწიფო უნივერსიტეტის ბიბლიოთეკა

Вариационное исчисление в целом. Variationsrechnung Im Grossen. (ბიბ.ჩანაწერი № 38996)

000 -LEADER
fixed length control field 00697nam a2200205Ia 4500
001 - CONTROL NUMBER
control field 5470
003 - CONTROL NUMBER IDENTIFIER
control field GE_BSU
008 - FIXED-LENGTH DATA ELEMENTS--GENERAL INFORMATION
fixed length control field 181216s||||||||xx |||||||||||||| ||und||
040 ## - CATALOGING SOURCE
Transcribing agency GE_BSU
080 ## - UNIVERSAL DECIMAL CLASSIFICATION NUMBER
Universal Decimal Classification number 517.97
100 ## - MAIN ENTRY--PERSONAL NAME
Personal name Зейферт Г., Трельфалль В.
245 ## - TITLE STATEMENT
Title Вариационное исчисление в целом. Variationsrechnung Im Grossen.
245 ## - TITLE STATEMENT
Statement of responsibility, etc. Пер. с немецкого В.А. Рохлина
260 ## - PUBLICATION, DISTRIBUTION, ETC.
Place of publication, distribution, etc. Москва
260 ## - PUBLICATION, DISTRIBUTION, ETC.
Name of publisher, distributor, etc. Госиздат. иностр. лит-ры
260 ## - PUBLICATION, DISTRIBUTION, ETC.
Date of publication, distribution, etc. 1947
300 ## - PHYSICAL DESCRIPTION
Extent 146 с. 22 см.
653 ## - INDEX TERM--UNCONTROLLED
Uncontrolled term Вариационное исчисление в целом. Variationsrechnung Im Grossen.
942 ## - ADDED ENTRY ELEMENTS (KOHA)
Koha item type წიგნი
ეგზემპლარები
Withdrawn status Lost status Damaged status Not for loan Date acquired Barcode Date last seen Price effective from Koha item type Public note
        2018-12-17 15757 2018-12-17 2018-12-17 წიგნი დარბაზი